000 01440nam a2200277Ia 4500
999 _c53838
_d53838
001 20889
003 GE_BSU
005 20210610164402.0
008 181216s2015||||ge |||||||||||||| ||geo||
020 _a9789941942822
040 _cGE_BSU
041 _ageo
080 _a342 .393/2 მ-44
100 _aმახარობლიშვილი, გიორგი
_99266
245 _aკორპორაციული მართვის ზოგადი ანალიზი :
_bშედარებითი სამართლებრივი კვლევა /
_cგიორგი მახარობლიშვილი.
264 _aთბილისი :
_bიურისტების სამყარო,
_c2015.
300 _a370 გვ. ;
_c20 სმ.
541 _h16ლ.90თ.
630 _aკორპორაციული მართვის ზიგადი ანალიზი
_912014
630 _aსამართალი
_912015
653 _aკორპორაციული მართვის ზიგადი ანალიზი
653 _aსამართალი
710 _aსაკოპორაციო, საბანკო და ეკონომიკური სამართლის ინსტიტუტი
_912016
710 _aთსუ
_bიურიდიული ფაკულტეტი
_912017
942 _cBK
_2udc